000
00337 a2200157 4500
001
151718
040
_c
Escola São Tomás de Aquino
100
_a
CARR, Stella
240
1
0
_a
Eu detetive 1.
_l
por
245
1
0
_a
Eu detetive 1.
300
_a
119
362
0
_a
2003
440
1
_a
Moderna
697
_a
*LITERATURA JUVENIL
942
_c
BK
999
_c
151718
_d
151718